| 000 | 00431nam a22001697a 4500 | ||
|---|---|---|---|
| 003 | NUST - PNEC | ||
| 005 | 20170116181117.0 | ||
| 008 | 151004b xxu||||| |||| 00| 0 eng d | ||
| 020 | _a- | ||
| 040 | _cLIBRARY | ||
| 082 | _a669.1 TES | ||
| 100 |
_913293 _aTselikov, A. |
||
| 245 |
_aStress and strain in metal rolling _cA. Tselikov |
||
| 260 | _cc.1967 | ||
| 650 |
_913295 _aSteel & strain metal _xME , IME |
||
| 942 |
_2ddc _cBK |
||
| 999 |
_c69406 _d69406 |
||